000 00422nam a22001457a 4500
020 _a8122606555
020 _a9788122606553
082 _a894.812308
_bLAL/AG
100 _aലളിതാംബിക അന്തർജ്ജനം
_9244
245 _aഅഗ്നിസാക്ഷി
260 _aThrissur
_bCurrent books
_c2004
650 _aAgnisakshi
_9245
700 _aLalithambika Antharjanam
_9246
942 _cBK
999 _c14190
_d14190